00464nam a2200157 a 4500001001000000003000900010005001700019007000300036008004100039040002500080082001900105100004000124245005000164260007000214300002200284000032300DO-SdBNP20220913153855.0ta110714s1943 dr 000 0 spa d aDO-SdBNPbspacBNPHU 4aRD861.4bM843a1 aMoreno Jimenes, Domingod1894 -198610aAntología minima /cDomingo Moreno Jimenes. aSantiago, República Dominicana :bLibrería dominicana,c1943. a[30] p. ;c15 cm.